Wybierz województwa według kategorii - Statystyki

Ogólne statystyki
  • Ten quiz został rozwiązany 4 824 razy
  • Średni wynik to 109 z 160
Statystyki odpowiedzi
Zagadnienie Komórka Select % Poprawnych
które mają dostęp do morza (na potrzeby quizu zaliczamy dostęp do Zalewu Wiślanego jako dostęp do morza) Dolnośląskie Nie
99%
które mają dostęp do morza (na potrzeby quizu zaliczamy dostęp do Zalewu Wiślanego jako dostęp do morza) Łódzkie Nie
99%
które mają dostęp do morza (na potrzeby quizu zaliczamy dostęp do Zalewu Wiślanego jako dostęp do morza) Lubelskie Nie
99%
które mają dostęp do morza (na potrzeby quizu zaliczamy dostęp do Zalewu Wiślanego jako dostęp do morza) Lubuskie Nie
99%
które mają dostęp do morza (na potrzeby quizu zaliczamy dostęp do Zalewu Wiślanego jako dostęp do morza) Małopolskie Nie
99%
które mają dostęp do morza (na potrzeby quizu zaliczamy dostęp do Zalewu Wiślanego jako dostęp do morza) Opolskie Nie
99%
które mają dostęp do morza (na potrzeby quizu zaliczamy dostęp do Zalewu Wiślanego jako dostęp do morza) Podkarpackie Nie
99%
które mają dostęp do morza (na potrzeby quizu zaliczamy dostęp do Zalewu Wiślanego jako dostęp do morza) Śląskie Nie
99%
które mają dostęp do morza (na potrzeby quizu zaliczamy dostęp do Zalewu Wiślanego jako dostęp do morza) Świętokrzyskie Nie
99%
które mają dostęp do morza (na potrzeby quizu zaliczamy dostęp do Zalewu Wiślanego jako dostęp do morza) Wielkopolskie Nie
99%
które mają dostęp do morza (na potrzeby quizu zaliczamy dostęp do Zalewu Wiślanego jako dostęp do morza) Mazowieckie Nie
98%
które mają dostęp do morza (na potrzeby quizu zaliczamy dostęp do Zalewu Wiślanego jako dostęp do morza) Pomorskie Tak
98%
które mają dostęp do morza (na potrzeby quizu zaliczamy dostęp do Zalewu Wiślanego jako dostęp do morza) Zachodniopomorskie Tak
97%
które mają dostęp do morza (na potrzeby quizu zaliczamy dostęp do Zalewu Wiślanego jako dostęp do morza) Podlaskie Nie
96%
które nie graniczą z żadnym państwem Dolnośląskie Nie
94%
które nie graniczą z żadnym państwem Lubelskie Nie
94%
które nie graniczą z żadnym państwem Lubuskie Nie
94%
które nie graniczą z żadnym państwem Podkarpackie Nie
94%
które nie graniczą z żadnym państwem Podlaskie Nie
94%
które nie graniczą z żadnym państwem Śląskie Nie
93%
które nie graniczą z żadnym państwem Zachodniopomorskie Nie
93%
które nie graniczą z żadnym państwem Łódzkie Tak
91%
które mają 2 miasta wojewódzkie Łódzkie Nie
91%
które nie graniczą z żadnym państwem Małopolskie Nie
91%
które mają 2 miasta wojewódzkie Podlaskie Nie
91%
które mają 2 miasta wojewódzkie Dolnośląskie Nie
90%
które mają 2 miasta wojewódzkie Małopolskie Nie
90%
które mają 2 miasta wojewódzkie Mazowieckie Nie
90%
które mają 2 miasta wojewódzkie Opolskie Nie
90%
które mają 2 miasta wojewódzkie Podkarpackie Nie
90%
które mają 2 miasta wojewódzkie Pomorskie Nie
90%
które mają 2 miasta wojewódzkie Świętokrzyskie Nie
90%
które mają 2 miasta wojewódzkie Zachodniopomorskie Nie
90%
które nie graniczą z żadnym państwem Opolskie Nie
89%
które mają 2 miasta wojewódzkie Śląskie Nie
89%
które mają 2 miasta wojewódzkie Lubelskie Nie
88%
które zawierają w sobie nazwę innego województwa Mazowieckie Nie
88%
które zawierają w sobie nazwę innego województwa Podlaskie Nie
88%
które zawierają w sobie nazwę innego województwa Świętokrzyskie Nie
88%
które nie graniczą z żadnym państwem Warmińsko-mazurskie Nie
88%
które mają dostęp do morza (na potrzeby quizu zaliczamy dostęp do Zalewu Wiślanego jako dostęp do morza) Kujawsko-pomorskie Nie
87%
które zawierają w sobie nazwę innego województwa Łódzkie Nie
87%
które zawierają w sobie nazwę innego województwa Lubuskie Nie
87%
które są w top 5 województw o największej powierzchni Opolskie Nie
87%
które zawierają w sobie nazwę innego województwa Podkarpackie Nie
87%
które mają 2 miasta wojewódzkie Warmińsko-mazurskie Nie
87%
które zawierają w sobie nazwę innego województwa Lubelskie Nie
86%
które są w top 5 województw o największej powierzchni Mazowieckie Tak
86%
które są w top 5 województw o największej powierzchni Świętokrzyskie Nie
86%
które mają 2 miasta wojewódzkie Wielkopolskie Nie
86%
przez które przepływa Wisła Lubuskie Nie
85%
przez które przepływa Wisła Podlaskie Nie
85%
które nie graniczą z żadnym państwem Świętokrzyskie Tak
85%
które mają mniej niż milion mieszkańców (według citypopulation.de) Wielkopolskie Nie
85%
które mają mniej niż milion mieszkańców (według citypopulation.de) Dolnośląskie Nie
84%
przez które przepływa Wisła Dolnośląskie Nie
84%
które są w top 5 województw o największej powierzchni Lubuskie Nie
84%
które mają mniej niż milion mieszkańców (według citypopulation.de) Małopolskie Nie
84%
które mają mniej niż milion mieszkańców (według citypopulation.de) Mazowieckie Nie
84%
które mają mniej niż milion mieszkańców (według citypopulation.de) Pomorskie Nie
84%
które zawierają w sobie nazwę innego województwa Warmińsko-mazurskie Nie
84%
które są w top 5 województw o największej powierzchni Wielkopolskie Tak
84%
przez które przepływa Wisła Zachodniopomorskie Nie
84%
które zawierają w sobie nazwę innego województwa Opolskie Nie
83%
przez które przepływa Wisła Opolskie Nie
83%
które mają mniej niż milion mieszkańców (według citypopulation.de) Śląskie Nie
83%
które są w top 5 województw o największej powierzchni Śląskie Nie
83%
przez które przepływa Wisła Mazowieckie Tak
82%
które zawierają w sobie nazwę innego województwa Zachodniopomorskie Tak
82%
które mają 2 miasta wojewódzkie Kujawsko-pomorskie Tak
81%
które zawierają w sobie nazwę innego województwa Kujawsko-pomorskie Tak
81%
które mają mniej niż milion mieszkańców (według citypopulation.de) Łódzkie Nie
81%
które nie graniczą z żadnym państwem Kujawsko-pomorskie Tak
80%
które są w top 5 województw o największej powierzchni Kujawsko-pomorskie Nie
80%
które są w top 5 województw o największej powierzchni Łódzkie Nie
80%
przez które przepływa Wisła Wielkopolskie Nie
80%
które mają mniej niż milion mieszkańców (według citypopulation.de) Zachodniopomorskie Nie
80%
które mają 2 miasta wojewódzkie Lubuskie Tak
79%
które nie graniczą z żadnym państwem Wielkopolskie Tak
78%
przez które przepływa Wisła Pomorskie Tak
77%
które mają mniej niż milion mieszkańców (według citypopulation.de) Kujawsko-pomorskie Nie
76%
których terytorium wchodziło w skład zaboru austriackiego (po wojnach napoleońskich) Kujawsko-pomorskie Nie
76%
przez które przepływa Wisła Warmińsko-mazurskie Nie
76%
których terytorium wchodziło w skład zaboru austriackiego (po wojnach napoleońskich) Warmińsko-mazurskie Nie
76%
które zawierają w sobie nazwę innego województwa Dolnośląskie Tak
75%
przez które przepływa Wisła Małopolskie Tak
75%
których terytorium wchodziło w skład zaboru austriackiego (po wojnach napoleońskich) Podlaskie Nie
75%
których terytorium wchodziło w skład zaboru austriackiego (po wojnach napoleońskich) Pomorskie Nie
75%
których terytorium wchodziło w skład zaboru austriackiego (po wojnach napoleońskich) Zachodniopomorskie Nie
75%
które nie graniczą z żadnym państwem Mazowieckie Tak
74%
które graniczą dokładnie z 4 innymi województwami (jest ich 5) Podlaskie Nie
74%
których terytorium wchodziło w skład zaboru austriackiego (po wojnach napoleońskich) Mazowieckie Nie
73%
które mają mniej niż milion mieszkańców (według citypopulation.de) Opolskie Tak
73%
które graniczą dokładnie z 4 innymi województwami (jest ich 5) Podkarpackie Nie
73%
które są w top 5 województw o największej powierzchni Podlaskie Nie
73%
których terytorium wchodziło w skład zaboru austriackiego (po wojnach napoleońskich) Wielkopolskie Nie
73%
które graniczą dokładnie z 4 innymi województwami (jest ich 5) Lubuskie Nie
72%
których terytorium wchodziło w skład zaboru austriackiego (po wojnach napoleońskich) Lubuskie Nie
72%
które są w top 5 województw o największej powierzchni Podkarpackie Nie
72%
które zawierają w sobie nazwę innego województwa Śląskie Nie
72%
które graniczą dokładnie z 4 innymi województwami (jest ich 5) Zachodniopomorskie Nie
72%
których terytorium wchodziło w skład zaboru austriackiego (po wojnach napoleońskich) Łódzkie Nie
71%
które są w top 5 województw o największej powierzchni Małopolskie Nie
71%
które zawierają w sobie nazwę innego województwa Pomorskie Nie
70%
które mają mniej niż milion mieszkańców (według citypopulation.de) Lubelskie Nie
69%
które graniczą dokładnie z 4 innymi województwami (jest ich 5) Dolnośląskie Nie
68%
przez które przepływa Wisła Łódzkie Nie
68%
przez które przepływa Wisła Kujawsko-pomorskie Tak
66%
które są w top 5 województw o największej powierzchni Pomorskie Nie
66%
które mają dostęp do morza (na potrzeby quizu zaliczamy dostęp do Zalewu Wiślanego jako dostęp do morza) Warmińsko-mazurskie Tak
66%
których terytorium wchodziło w skład zaboru austriackiego (po wojnach napoleońskich) Małopolskie Tak
64%
które mają mniej niż milion mieszkańców (według citypopulation.de) Podkarpackie Nie
61%
które graniczą dokładnie z 4 innymi województwami (jest ich 5) Małopolskie Nie
59%
przez które przepływa Wisła Świętokrzyskie Tak
58%
które mają mniej niż milion mieszkańców (według citypopulation.de) Warmińsko-mazurskie Nie
57%
których terytorium wchodziło w skład zaboru austriackiego (po wojnach napoleońskich) Dolnośląskie Nie
56%
które są w top 5 województw o największej powierzchni Zachodniopomorskie Tak
55%
których terytorium wchodziło w skład zaboru austriackiego (po wojnach napoleońskich) Podkarpackie Tak
51%
które mają mniej niż milion mieszkańców (według citypopulation.de) Podlaskie Nie
51%
które mają mniej niż milion mieszkańców (według citypopulation.de) Lubuskie Tak
50%
które nie graniczą z żadnym państwem Pomorskie Nie
50%
których terytorium wchodziło w skład zaboru austriackiego (po wojnach napoleońskich) Śląskie Tak
50%
których terytorium wchodziło w skład zaboru austriackiego (po wojnach napoleońskich) Opolskie Nie
49%
które są w top 5 województw o największej powierzchni Warmińsko-mazurskie Tak
43%
które mają mniej niż milion mieszkańców (według citypopulation.de) Świętokrzyskie Nie
41%
które graniczą dokładnie z 4 innymi województwami (jest ich 5) Wielkopolskie Nie
40%
które są w top 5 województw o największej powierzchni Dolnośląskie Nie
39%
które graniczą dokładnie z 4 innymi województwami (jest ich 5) Kujawsko-pomorskie Nie
38%
które graniczą dokładnie z 4 innymi województwami (jest ich 5) Świętokrzyskie Nie
38%
które graniczą dokładnie z 4 innymi województwami (jest ich 5) Mazowieckie Nie
37%
przez które przepływa Wisła Śląskie Tak
36%
na których herbie jest przedstawione zwierzę - mityczne lub prawdziwe Mazowieckie Tak
32%
które graniczą dokładnie z 4 innymi województwami (jest ich 5) Łódzkie Nie
31%
na których herbie jest przedstawione zwierzę - mityczne lub prawdziwe Pomorskie Tak
31%
na których herbie jest przedstawione zwierzę - mityczne lub prawdziwe Zachodniopomorskie Tak
31%
których terytorium wchodziło w skład zaboru austriackiego (po wojnach napoleońskich) Świętokrzyskie Tak
29%
na których herbie jest przedstawione zwierzę - mityczne lub prawdziwe Wielkopolskie Tak
29%
na których herbie jest przedstawione zwierzę - mityczne lub prawdziwe Dolnośląskie Tak
28%
na których herbie jest przedstawione zwierzę - mityczne lub prawdziwe Lubelskie Tak
26%
które graniczą dokładnie z 4 innymi województwami (jest ich 5) Śląskie Tak
26%
które są w top 5 województw o największej powierzchni Lubelskie Tak
25%
które zawierają w sobie nazwę innego województwa Wielkopolskie Tak
25%
przez które przepływa Wisła Lubelskie Tak
24%
które zawierają w sobie nazwę innego województwa Małopolskie Tak
24%
na których herbie jest przedstawione zwierzę - mityczne lub prawdziwe Małopolskie Tak
24%
na których herbie jest przedstawione zwierzę - mityczne lub prawdziwe Śląskie Tak
24%
które graniczą dokładnie z 4 innymi województwami (jest ich 5) Lubelskie Tak
22%
na których herbie jest przedstawione zwierzę - mityczne lub prawdziwe Podlaskie Tak
22%
których terytorium wchodziło w skład zaboru austriackiego (po wojnach napoleońskich) Lubelskie Tak
21%
które graniczą dokładnie z 4 innymi województwami (jest ich 5) Warmińsko-mazurskie Tak
21%
na których herbie jest przedstawione zwierzę - mityczne lub prawdziwe Kujawsko-pomorskie Tak
20%
które graniczą dokładnie z 4 innymi województwami (jest ich 5) Opolskie Tak
20%
przez które przepływa Wisła Podkarpackie Tak
19%
które graniczą dokładnie z 4 innymi województwami (jest ich 5) Pomorskie Tak
19%
na których herbie jest przedstawione zwierzę - mityczne lub prawdziwe Podkarpackie Tak
18%
na których herbie jest przedstawione zwierzę - mityczne lub prawdziwe Warmińsko-mazurskie Tak
17%
na których herbie jest przedstawione zwierzę - mityczne lub prawdziwe Opolskie Tak
16%
na których herbie jest przedstawione zwierzę - mityczne lub prawdziwe Świętokrzyskie Tak
16%
na których herbie jest przedstawione zwierzę - mityczne lub prawdziwe Lubuskie Tak
15%
na których herbie jest przedstawione zwierzę - mityczne lub prawdziwe Łódzkie Tak
13%
Nie znaleziono quizów pasujących do podanych kryteriów
Rozkład punktacji
Procent ludzi z każdym wynikiem
Percentyl według liczby udzielonych odpowiedzi
Twoja historia wyników
Nie rozwiązałeś tego quizu